Statistics for States that Swung the Most in the 2020 Presidential Election

Click here to take the quiz!

General Stats

  • This quiz has been taken 282 times
  • The average score is 12 of 19

Answer Stats

PartyChangeState% Correct
Democrat+5.4Georgia
90%
Republican+2.2Florida
88%
Republican+0.6California
84%
Republican+9.5New York
80%
Democrat+6.9New Hampshire
74%
Democrat+7.0Maine
72%
Democrat+7.9Colorado
70%
Democrat+5.5Minnesota
70%
Democrat+6.9Vermont
67%
Republican+0.04Nevada
64%
Republican+2.8Hawaii
63%
Republican+2.2Utah
62%
Democrat+7.5Delaware
58%
Republican+0.7Illinois
55%
Democrat+6.3Connecticut
53%
Democrat+5.5Kansas
51%
Republican+1.1Arkansas
49%
Democrat+6.3Nebraska
46%
Republican+1.9Mississippi
35%

Score Distribution

Percentile by Number Answered

Percent of People with Each Score

Your Score History

You have not taken this quiz